000 00449nam a2200181Ia 4500
001 21411
005 20260306172917.0
008 260306t2007||||xx |||||||||||||| ||spa||
041 _aESP
082 _a344.83
_bT54
100 _aTiedemann, Klaus
_eAUT
245 0 _aDerecho penal :
_by nuevas formas de criminalidad
260 _c2007
300 _axvii, 322 páginas :
_c24 cm.
650 _aGEN
654 _aCDE
942 _cLIB
_dJUS
_fJUS
_2ddc
_n
999 _c21411
_d21411